000
00265nam a22001097a 4500
999
_c
153855
_d
153855
082
_a
_b
100
_a
Chacko Chemmanam
245
_a
kinjanavarthamaanam/
_c
by Chacko Chemmanam
260
_a
Thrissur:
_b
Kerala Sahithya Akademi,
_c
2010.
650
_a
942
_c
BK